Banderas del mundo con sólo dos colores - Estadísticas

Estadísticas generales
  • Esta prueba ha sido intentada 616 veces
  • La puntuación promedio es 18 de 38
Estadísticas de respuestas
Country % Correcto
Polonia
92%
Ucrania
82%
Indonesia
81%
Mónaco
81%
Catar
71%
Japón
69%
China
64%
Baréin
58%
Canadá
58%
Suecia
58%
Austria
54%
Finlandia
54%
Turquía
53%
Nigeria
52%
Pakistán
52%
Túnez
51%
Bangladés
50%
Dinamarca
50%
Suiza
50%
Arabia Saudita
47%
Albania
46%
Grecia
46%
Palaos
46%
Vietnam
45%
Letonia
43%
Marruecos
43%
Singapur
41%
Kazajistán
39%
Somalia
36%
Israel
35%
Honduras
34%
Micronesia (Est Fed)
29%
Georgia
28%
Kirguistán
27%
Tonga
27%
Macedonia
23%
Mauritania
18%
Groenlandia
14%
No se encontraron pruebas coincidentes
Distribución de puntuación
Porcentaje de gente con cada puntuación
Porcentaje por número respondido
Historial de tus puntuaciones
No has intentado esta prueba.